000 01336nam a2200277 a 4500
001 47703
003 BD-RjUL
005 20211209054355.0
008 160810s1963 pk a|||| |||| 00| 0 ben d
035 _a(BD-RjUL)47822
040 _aBD-RjUL
_bben
_cBD-RjUL
_dBD-RjUL
041 _aben
082 _223
_a600
_bCRB 1963
100 1 _aক্রাউস, উইলিয়াম এইচ
_9234086
245 1 0 _aবিজ্ঞান বিচিত্রা /
_cউইলিয়াম এইচ ক্রাউস ; অনুবাদ: বেগম খালেদা খানম
250 _a৩য় পরিমার্জিত ও পরিবর্ধিত সং.
260 _aচট্টগ্রাম :
_bবই ঘর,
_c১৯৬৩
300 _a[১২], ২৬৩ পৃ. :
_bচিত্র ;
_c২১ সেমি.
500 _a" William H Crouseর Understanding scienceর অনুবাদ"
650 _aপ্রযুক্তি
_xকিশোর সাহিত্য
_9234087
650 _aTechnology
_xJuvenile literature.
_9234088
650 _aবিজ্ঞান
_xকিশোর সাহিত্য
_9234089
650 _aScience
_xJuvenile literature.
_9234090
700 _aখানম, বেগম খালেদা, অনুবাদক
_9234092
942 _2ddc
_cBK
999 _c47703
_d47703